Guía de la CEPE para la simplificación y normalización de los documentos del comercio exterior. (Record no. 76413)

MARC details
000 -LEADER
campo de control de longitud fija 00462nam a2200145 i 4500
001 - NÚMERO DE CONTROL
campo de control 76413
003 - IDENTIFICADOR DE NÚMERO DE CONTROL
campo de control ES-MaACL
007 - CAMPO FIJO DE DESCRIPCIÓN FÍSICA--INFORMACIÓN GENERAL
campo de control de longitud fija t|
008 - DATOS DE LONGITUD FIJA--INFORMACIÓN GENERAL
campo de control de longitud fija 041001s1966 sp ||||1| spa d
245 00 - MENCIÓN DEL TÍTULO
Título Guía de la CEPE para la simplificación y normalización de los documentos del comercio exterior.
260 ## - PUBLICACIÓN, DISTRIBUCIÓN, ETC.
Lugar de publicación, distribución, etc. [S.l.] :
Nombre del editor, distribuidor, etc. Comisión Económica para Europa,
Fecha de publicación, distribución, etc. [1966]
300 ## - DESCRIPCIÓN FÍSICA
Extensión 9 t. en 1 v. ;
Dimensiones 32 cm.
500 ## - NOTA GENERAL
Nota general Es una carpeta.
852 ## - LOCALIZACIÓN
Ubicación ES-MaACL
Número de control de estantería E-8219
Sublocalización o colección R.92812
Holdings
Estatus retirado Estado de pérdida Estado de daño No para préstamo Biblioteca de origen Biblioteca actual Ubicación en estantería Fecha de adquisición Fuente de adquisición Total de préstamos Signatura topográfica completa Código de barras Visto por última vez Precio de reemplazo Tipo de ítem Koha
        Biblioteca del Ateneo de Madrid Biblioteca del Ateneo de Madrid Depósito 2 17/01/2008     E-8219 1079966 23/02/2023 23/02/2023 Libro impreso